LEADER 01484nam a2200337 a 4500 001 000000029705 003 CaOOAMICUS 005 20140314135936.0 008 970522s1996 it u000 u ita u 020 $a8804410523 035 $a10762222 040 $aPUL$bita 100 1 $aRavasi, Gianfranco,$ccard.,$d1942-$0(OLS)http://pul/name/17144 245 13$aLa Buona Novella :$ble storie, le idee, i personaggi del Nuovo Testamento /$cGianfranco Ravasi. 260 $aMilano :$bMondadori,$c1996. 300 $a331 p. ;$c20 cm 490 1 $aSaggi (Mondadori) 500 $aInclude indici. 504 $aNota bibliografica: p. 317-322. 630 04$aBiblia.$pN.T.$0(OLS)http://pul/subject/1630 830 0$aSaggi (Mondadori).$0(OLS)http://pul/title/26238 850 $aPUL 852 $aPUL$W1$xSL Religione 1$y3$m9 A 73$j41114$nBK-PRI$b $qStampati$B41114$CPULBib$Z2$F41114 $H $81 852 $aPUL$W1$xDP1 Fondo E. Rossi$y115$m7 A 70$j158839$a2. copia$qFondi$B158363$CPULBib$Z2$F158363 $82 852 $aPUL$W1$xDP1 Fondo Dalla Palma$y117$m3 B 79$j162935$qFondi$B195070$CPULBib$Z2$F195070 $HDal1871 $81 941 1 $a8 941 1 $a1 996 $6020$a8804410523$9(OLS)http://pul/number/37252 996 $6245$aLa Buona Novella :$ble storie, le idee, i personaggi del Nuovo Testamento$9(OLS)http://pul/title/40702 996 $6260$aMilano :$bMondadori$9(OLS)http://pul/publisher/50297 LEADER 01276nam a2200313 a 4500 001 000000122610 003 CaOOAMICUS 005 20100726163825.0 008 100726t2010 vc u000 u ita r 020 $a978-88-465-0703-7 040 $aPUL$bita$dReb 041 1 $aita$heng 082 04$a230 100 1 $aDulles, Avery Robert,$cS.I.,$d1918-2008.$0(OLS)http://pul/name/26589 240 10$aModels of revelation$lItaliano.$0(OLS)http://pul/title/154516 245 10$aModelli della rivelazione /$cAvery Dulles. 260 $aCittą del Vaticano :$bLateran University Press,$c©2010. 300 $a557 p. ;$c22 cm. 490 1 $aMemoria viva ;$v8 504 $aBibliografia in nota. 650 4$aRivelazione.$0(OLS)http://pul/subject/3064 830 0$aMemoria viva (Lateran University Press) ;$v8.$0(OLS)http://pul/title/137158 850 $aPUL 852 $aPUL$W1$xSL Religione 3$y85$m230 COLL 1.8$j140822$qDDC 21$B139904$CPULBib$Z2$F139904 $82 941 1 $a9 996 $6020$a978-88-465-0703-7$9(OLS)http://pul/number/145026 996 $6082$a230$9(OLS)http://pul/classification/368 996 $6245$aModelli della rivelazione$9(OLS)http://pul/title/154515 996 $6260$aCittą del Vaticano :$bLateran University Press$9(OLS)http://pul/publisher/74585